00278nam a22001217a 4500003000400000005001700004008004100021040001400062100001400076245002900090260002900119300000800148OSt20211029125934.0211029b xxu||||| |||| 00| 0 eng d csero soft aUniversal aUttar Pardesh Local Laws bUniversal Law Publishers a560